Justice restored : or, a guid for His Majestie's justices of peace, both in sessions, and out of sessions; according to the antient laws of the kingdom.

Bibliographic Details
Format: eBook
Language:English
Published: London : Printed by Th. Roycroft, for H. Twyford, T. Dring, and J. Place, 1661.
Edition:The second edition, amended, and enlarged.
Series:Early English books online.
Subjects:
Online Access:Connect to the full text of this electronic book

MARC

Tag First Indicator Second Indicator Subfields
LEADER 00000nam a2200000 4500
001 in00004287921
005 20200813083742.0
006 m g d
007 cr bn |||a|bb|
008 871111s1661 enk o 00| | eng d
035 |a (UnM)99872484 
037 |a CL0051000009  |b ProQuest Information and Learning. 300 N. Zeeb Rd., Ann Arbor, MI 48106 
040 |a Cu-RivES  |c Cu-RivES  |d CStRLIN  |e dcrb  |d WaOLN 
245 0 0 |a Justice restored :  |b or, a guid for His Majestie's justices of peace, both in sessions, and out of sessions; according to the antient laws of the kingdom. 
246 2 |a Guid for His Majestie's justices of peace, both in sessions, and out of sessions. 
250 |a The second edition, amended, and enlarged. 
260 |a London :  |b Printed by Th. Roycroft, for H. Twyford, T. Dring, and J. Place,  |c 1661. 
300 |a 1 online resource ([24], 96, 95-158, [8] pages) 
336 |a text  |b txt  |2 rdacontent 
337 |a computer  |b c  |2 rdamedia 
338 |a online resource  |b cr  |2 rdacarrier 
500 |a With some text in Latin. 
500 |a The first leaf is blank. 
500 |a With four final contents leaves. 
500 |a Annotation on Thomason copy: "January. 1660"; the second 1 in the imprint date has been crossed out. 
500 |a Reproduction of the original in the British Library. 
510 4 |a Wing (2nd edition)  |c J1252. 
510 4 |a Thomason  |c E.1930[2]. 
533 |a Electronic reproduction.  |b Ann Arbor, Mich. :  |c UMI,  |d 1999-  |f (Early English books online)  |n Digital version of: (Thomason Tracts ; 239:E1930[2])  |7 s1999 miun s 
650 0 |a Law  |z England  |v Early works to 1800. 
650 0 |a Justices of the peace  |z England  |v Early works to 1800. 
830 0 |a Early English books online. 
856 4 0 |u http://proxy.library.tamu.edu/login?url=https://search.proquest.com/docview/2248515891  |z Connect to the full text of this electronic book  |t 0 
999 f f |s 128301bd-e020-313f-afe8-6841657e28d4  |i b5da0a37-b8d4-3638-bb05-4eb2adfe8d2b  |t 0 
952 f f |a Texas A&M University  |b College Station  |c Electronic Resources  |d Available Online  |t 0  |h No information provided 
998 f f |t 0  |l Available Online